000 00707nam a2200181Ia 4500
008 090124s9999 xx 000 0 und d
082 _b128024
100 _aअत्रे प्र.के. (प्रल्हाद केशव)/ (केशव कुमार )
245 _a घराबाहेर
250 _a1
260 _c1993
300 _a75
600 _aअत्रे प्र.के. (प्रल्हाद केशव)/ (केशव कुमार )
630 _a घराबाहेर
700 _aअत्रे प्र.के. (प्रल्हाद केशव)/ (केशव कुमार )
730 _a घराबाहेर
942 _cBOOK
999 _c174113
_d174113